I diritti del medioevo italiano: secoli XI-XV

Saved in:
Bibliografiske detaljer
Hovedforfatter: Ascheri, Mario (Author)
Format: Bog
Sprog:italiensk
Udgivet: Roma Carocci 2000
Fag:
Tags: Tilføj Tag
Ingen Tags, Vær først til at tagge denne postø!

MARC

LEADER 00000nam a2200000 a 4500
001 UCL4905
003 CL-VaPUC
008 040227e20000000IT |||||||||||||||||ita|d
020 |a 8843016105 
082 0 4 |a 349.45  |b ASC  |2 21 
100 0 |a Ascheri, Mario  |e author  |9 482620 
245 1 2 |a I diritti del medioevo italiano: secoli XI-XV 
300 |a 452 p 
942 |c BK 
945 |d 20040227 00:00:00  |a cmena 
260 |a Roma  |b Carocci  |c 2000 
650 7 |a HISTORIA DEL DERECHO ITALIANO  |2 CL-VaPUC  |9 482621 
650 0 |a Derecho italiano  |9 385337 
650 0 |a Derecho medieval  |9 314261 
650 0 |a Derecho romano  |9 255930 
650 0 |a Fuentes del derecho   |9 255162 
651 0 |a Italia  |9 254949 
583 |a last modification  |c 20040227 00:00:00  |k Rodrigo Vera 
999 |c 307659  |d 307657 
952 |0 0  |1 0  |4 0  |6 349_450000000000000_ASC_2000  |7 0  |8 DER_HIS  |9 373709  |a BIBDER  |b BIBDER  |d 2019-11-21  |i 3985164  |l 1  |o 349.45 ASC 2000  |p 3985164  |r 2023-01-25  |s 2020-03-17  |w 2019-11-21  |x Ubicación 4to Piso  |y BK  |z Estos recursos deben solicitarse con anticipación  |k DER